01335nam a2200373 a 450000100060000000300080000600500170001400600190003100700150005000800410006502000180010603500230012403500240014703500250017103500210019604000260021705000210024308000080026408200120027210000330028424501360031726000500045330000150050353301640051865000470068265000150072965000190074465000350076365500270079870000380082571000190086385600620088299900170094491756FlNmELB20241217172044.0m o d | cr cn|||||||||201012r2005 cu |||||s|||||||||||spa d z9789592588653 a(MiAaPQ)EBC3191792 a(Au-PeEL)EBL3191792 a(CaPaEBR)ebr10431190 a(OCoLC)929436054 aFlNmELBbspacFlNmELB 4aQA76.bF365 2005 a00404a0042221 aFernández Montoto, Carmen.10aComputaciónh[recurso electronico] :bherramientas informáticas /cCarmen Fernández Montoto, Martha Montes de Oca Richardson. aLa Habana :bEditorial Félix Varela,c2005. aix, 167 p. aRecurso electrónico. Santa Fe, Arg.: e-libro, 2015. Disponible vía World Wide Web. El acceso puede estar limitado para las bibliotecas afiliadas a e-libro. 0aInformation storage and retrieval systems. 0aComputers. 0aInformática. 0aProgramación de ordenadores. 4aLibros electrónicos.1 aMontes de Oca Richardson, Martha.2 ae-libro, Corp.40uhttps://elibro.net/ereader/politecnicointernacional/71804 c91756d91756